Guardians of the Revolution : (Record no. 13297)
[ view plain ]
| 000 -LEADER | |
|---|---|
| fixed length control field | 01378cam a2200301 a 4500 |
| 001 - CONTROL NUMBER | |
| control field | 15505211 |
| 005 - DATE AND TIME OF LATEST TRANSACTION | |
| control field | 20091120092522.0 |
| 008 - FIXED-LENGTH DATA ELEMENTS--GENERAL INFORMATION | |
| fixed length control field | 081030s2009 enk |rb 001 0 eng |
| 010 ## - LIBRARY OF CONGRESS CONTROL NUMBER | |
| LC control number | 2008045035 |
| 020 ## - INTERNATIONAL STANDARD BOOK NUMBER | |
| International Standard Book Number | 9780195327847 (acidfree paper) |
| 040 ## - CATALOGING SOURCE | |
| Original cataloging agency | DLC |
| Transcribing agency | DLC |
| 043 ## - GEOGRAPHIC AREA CODE | |
| Geographic area code | a-ir--- |
| 050 00 - LIBRARY OF CONGRESS CALL NUMBER | |
| Classification number | DS318.83 |
| Item number | .T36 2009 |
| 082 00 - DEWEY DECIMAL CLASSIFICATION NUMBER | |
| Classification number | 327.55 |
| Edition number | 22 |
| Item number | TAK |
| 100 1# - MAIN ENTRY--PERSONAL NAME | |
| Personal name | Takeyh, Ray, |
| Dates associated with a name | 1966- |
| 9 (RLIN) | 11016 |
| 245 10 - TITLE STATEMENT | |
| Title | Guardians of the Revolution : |
| Remainder of title | Iran and the World in the Age of the Ayatollahs / |
| Statement of responsibility, etc | Ray Takeyh. |
| 260 ## - PUBLICATION, DISTRIBUTION, ETC. (IMPRINT) | |
| Place of publication, distribution, etc | Oxford : |
| Name of publisher, distributor, etc | Oxford University Press, 2009 |
| Date of publication, distribution, etc | 2009. |
| 300 ## - PHYSICAL DESCRIPTION | |
| Extent | viii, 310 p. ; |
| Dimensions | 24 cm. |
| 500 ## - GENERAL NOTE | |
| General note | "A Council on Foreign Relations book." |
| 504 ## - BIBLIOGRAPHY, ETC. NOTE | |
| Bibliography, etc | Includes bibliographical references (p. [267]-295) and index. |
| 651 #0 - SUBJECT ADDED ENTRY--GEOGRAPHIC NAME | |
| Geographic name | Iran |
| General subdivision | Foreign relations |
| Chronological subdivision | 1979-1997. |
| 9 (RLIN) | 11017 |
| 651 #0 - SUBJECT ADDED ENTRY--GEOGRAPHIC NAME | |
| Geographic name | Iran |
| General subdivision | Foreign relations |
| Chronological subdivision | 1997- |
| 9 (RLIN) | 11018 |
| 651 #0 - SUBJECT ADDED ENTRY--GEOGRAPHIC NAME | |
| Geographic name | Iran |
| General subdivision | Politics and government |
| Chronological subdivision | 1979-1997. |
| 9 (RLIN) | 11019 |
| 651 #0 - SUBJECT ADDED ENTRY--GEOGRAPHIC NAME | |
| Geographic name | Iran |
| General subdivision | Politics and government |
| Chronological subdivision | 1997- |
| 9 (RLIN) | 11020 |
| 942 ## - ADDED ENTRY ELEMENTS (KOHA) | |
| Source of classification or shelving scheme | Dewey Decimal Classification |
| Item type | Book - Borrowing |
| Withdrawn status | Item status | Source of classification or shelving scheme | Damaged status | Not for loan | Vendor | Home library | Current library | Shelving location | Date acquired | Source of acquisition | Cost, normal purchase price | Serial Enumeration / chronology | Total Checkouts | Total Renewals | Full call number | Barcode | Date last seen | Date last borrowed | Cost, replacement price | Koha item type |
|---|---|---|---|---|---|---|---|---|---|---|---|---|---|---|---|---|---|---|---|---|
| Dewey Decimal Classification | AUC | Central Library | Central Library | First floor | 07/02/2010 | 75.00 | 2 | 10 | 10 | 327.55 TAK | 000019624 | 15/07/2025 | 14/11/2017 | 75.00 | Book - Borrowing |